000 00644nam a2200229Ia 4500
005 20230118141946.0
008 131103s9999 xx 000 0 und d
020 _a854900481
_cGBP 1.25
040 _aLoreto College
041 _aEnglish
082 _a830
_bBOL-REI
100 _aReid,James Henderson
245 _aHeinrich Boll
_b withdral and re - emergence
_cJames Henderson Reid
260 _aLondon
_bOswald Wolf
_c1973
300 _a85 p.
440 _aModern German Authors
504 _aIncludes bibliographical references
650 _aRoll,Heinrich,1917
700 _aLast,R.W.,series ed.
850 _aLCLIB
942 _cBK
999 _c5129
_d55608